Truyện kể về các nhà bác học Vật lý T.1 Truyện kể về các nhà bác học Vật lý

Enregistré dans:
Détails bibliographiques
Auteur principal: Đào Văn Phúc (Tác giả)
Autres auteurs: Thế Trường (Tác giả), Vũ Thanh Khiết (Tác giả)
Format: Livre
Langue:Vietnamese
Publié: H. Giáo dục 1987
Sujets:
Tags: Ajouter un tag
Pas de tags, Soyez le premier à ajouter un tag!
Thư viện lưu trữ: Mạng thư viện Đại học Đà Nẵng
LEADER 01026nam a2200337 4500
001 000013205
003 9543
005 20120312090307.0
008 120312s1987 viesd
020 |c 0đ 
041 0 |a vie 
082 |a 530.082  |b ĐA-P 
100 0 |a Đào Văn Phúc  |e Tác giả 
245 1 0 |a Truyện kể về các nhà bác học Vật lý  |c Đào Văn Phúc; Thế Trường; Vũ Thanh Khiết  |n T.1  |p Truyện kể về các nhà bác học Vật lý 
260 |a H.  |b Giáo dục  |c 1987 
300 |a 88 tr.  |c 21 cm 
653 |a Truyện kể 
653 |a Nhà bác học 
653 |a Vật lý 
700 |a Thế Trường  |e Tác giả 
700 |a Vũ Thanh Khiết  |e Tác giả 
773 |t Truyện kể về các nhà bác học Vật lý  |w 4543 
910 |a duyên 
OWN |a LSP 
999 |a From the UDN01 
TYP |a Monograph 
TYP |a Printed language 
980 |a Mạng thư viện Đại học Đà Nẵng